| 000 | 01518nam a2200289Ia 4500 | ||
|---|---|---|---|
| 999 |
_c53307 _d53307 |
||
| 001 | 20348 | ||
| 003 | GE_BSU | ||
| 005 | 20200927225445.0 | ||
| 008 | 181216s1989||||ge |||||||||||||| ||geo|| | ||
| 040 | _cGE_BSU | ||
| 041 | _ageo | ||
| 080 | _a811.353.1(072) ქ-27 | ||
| 100 |
_aრამიშვილი, ვ. _96912 |
||
| 245 |
_aქართული ენის გაკვეთილები IV კლასში : _bმეთოდ. რეკომენდაციები მასწ. დასახმ. / _cვ. რამიშვილი, მ. ჩინჩალაძე, ტ. სულაბერიძე, ნ. მაღლაკელიძე ; რედ. ნ.ჭყოიძე. |
||
| 264 |
_aთბილისი : _bგანათლება, _c1989. |
||
| 300 |
_a250 გვ. ; _c22 სმ. |
||
| 541 | _h1ლ.40თ. | ||
| 653 | _aგაკვეთილის ჩატარების მეთოდიკა | ||
| 653 | _aქართული ენის სწავლების მეთოდიკა | ||
| 653 | _aქართული ენა | ||
| 700 |
_aრამიშვილი, ვ. _eავტორი _96912 |
||
| 700 |
_aჩინჩალაძე, მ. _eავტორი _97311 |
||
| 700 |
_aსულაბერიძე, ტ. _eავტორი _99557 |
||
| 700 |
_aმაღლაკელიძე, ნ. _eავტორი _99558 |
||
| 700 |
_aჭყოიძე, ნ. _eრედაქტორი _99559 |
||
| 942 |
_cBK _2udc |
||